000 00336pam a2200157a 44500
008 230515b2008 xxu||||| |||| 00| 0 eng d
020 _aNULL
041 _aENGLISH
082 _a0
100 _aRAMAMRUTHAM
245 _aSTRENGTH OF MATERIALS
250 _a0
260 _a
_bDANPAT RAI
_c2008
300 _a1280P
650 _aNULL
999 _c591832
_d591832